| 000 | 00979 a2200229 4500 | ||
|---|---|---|---|
| 003 | Nust | ||
| 005 | 20221017120529.0 | ||
| 010 | _a 2001051241 | ||
| 020 | _a0802117074 | ||
| 040 | _cNust | ||
| 082 | 0 | 0 | _a617.092,KAP |
| 100 | 1 |
_aKaplan, Jonathan, _9100423 |
|
| 245 | 1 | 4 |
_aThe dressing station : _ba surgeon's chronicle of war and medicine / _cJonathan Kaplan. |
| 250 | _a1st American ed. | ||
| 260 |
_aNew York : _bGrove Press, _c2001. |
||
| 300 |
_a407 p. ; _c22 cm. |
||
| 505 | _aSouth Africa (Page-3), South Africa (Page-17), England (Page-32), America (Page-59), Namibia and Zululand (Page-82), Kurdistan (Page-107), Kurdistan (Page-138), The South China Sea (Page-171), Mozambique (Page-218), Transit Lounges (Page-249), Burma (Page-278), South Africa and Brazil (Page-321), Eritrea (Page-345), Eritrea (Page-374). | ||
| 600 | 1 | 0 |
_aKaplan, Jonathan, _d1954- _9100424 |
| 650 | 0 |
_aMedicine, Military _xHistory. _9100425 |
|
| 650 | 0 |
_aSurgeons _9100426 |
|
| 942 |
_2ddc _cBK |
||
| 999 |
_c176981 _d176981 |
||